| 000 | 00539nam a2200193Ia 4500 | ||
|---|---|---|---|
| 003 | GCL | ||
| 008 | 140319s9999 xx 000 0 ara d | ||
| 040 |
_aGCL / _cGCL |
||
| 082 | 0 | 4 |
_aط _b813.087 _bم ع |
| 100 | 1 | _aمجدى صابر | |
| 245 | 1 | 0 |
_aعملية رجل الطوارق / _cمجدى صابر |
| 300 | _a127 ص | ||
| 490 |
_aمغامرات العميل 303 _v0 |
||
| 650 | 0 | 4 | _aالاطفال |
| 650 | 0 | 4 | _aقصص الاطفال |
| 650 | 0 | 4 | _aادب الاطفال |
| 650 | 0 | 4 | _aقصص المغامرات |
| 942 |
_2ddc _cBK |
||
| 999 |
_c51332 _d51332 |
||